| 000 | 01777nam a2200373 c 4500 | ||
|---|---|---|---|
| 003 | BLK | ||
| 005 | 20241016133852.0 | ||
| 008 | 180911b bul|||||r ||||||| ||bul|| | ||
| 010 | _a002328 | ||
| 040 | _aBLK | ||
| 041 |
_aBUL _cBUL |
||
| 080 | _z886.7-82 | ||
| 100 | 1 |
_aСофроний Врачански _d1739-1813 _cВладиславов, Стойко ; Софроний, епископ Врачански ; Софроний Врачански, св. ; Серафим, монах _9366013 |
|
| 245 | 0 | 0 | _aИзбрани съчинения |
| 246 | _pепос-сборници | ||
| 260 |
_aСофия _bДобромир Чилингиров _c1938 _fР. Младенов |
||
| 300 |
_aXIV, 100 с _c18 см |
||
| 380 | _a82 | ||
| 490 | _aНеобходими книги | ||
| 490 |
_aЧастна колекция - Академик Михаил Арнаудов _gДарение - Основен фонд |
||
| 500 | _aПоправки и подчертавания в текста. - Автограф с текст: На уважаемия г. проф. М. Арнаудов малък спомен. Л. Стоичкова . | ||
| 650 | 0 |
_aСборници _9396392 |
|
| 653 | _aепос | ||
| 653 | _aсборници | ||
| 655 | _aбългарска литература | ||
| 700 | 1 |
_aСофроний Врачански _d1739-1813 _cВладиславов, Стойко ; Софроний, епископ Врачански ; Софроний Врачански, св. ; Серафим, монах _9366013 |
|
| 700 | 1 |
_aЛилия Стоичкова _e ред. и бел. от _9397760 |
|
| 852 |
_aМА 1034 _bМА |
||
| 942 |
_cKNG _n0 _s1 |
||
| 944 |
_aCR _c1996 _lГеновева Генчева _k30560 |
||
| 999 |
_c342674 _d342674 |
||
| 999 | _d342674 | ||
| 999 | _d342674 | ||
| 999 | _d342674 | ||